00606cam a22002057a 4500003000500000005001700005008004100022010001000063011001000073035001000083040000900093100002100102245006400123260008400187300001000271650002900281650004600310700001800356700002600374CHAP20220329141410.0971013s1986 r 00010 d a67525 a68497 a77969 cCHAP00aFeldman, Shelly.14aThe role of rural Bangladeshi women in livestock production aIthaca, N. Y. :bNew York State College of Agriculture and Life Sciences,c1986 a26 p.14aGanaderíaxBangladesh.14aMujer en comunidades ruralesxBangladesh.0 aBanu, Fazila.0 aMcCarthy, Florence E.